000 00754nam a2200253Ia 4500
003 OSt
005 20221005040000.0
006 a|||||r|||| 00| 0
007 ta
008 221004b |||||||| |||| 00| 0 eng d
020 _a8173046832 (hbk)
_c995
024 _a89620
037 _b3508, 23/11/2007, Selectbook Service Syndicate
_cTextual
040 _aCRL
_cCRL
_beng
041 _2eng
_aeng
082 _aU47v, P7
100 _aChakrabarti Ranjan Ed.
245 0 _aSitutines environmental history
260 _aDelhi
_bManohar India
_c2007
300 _a396p.
_ccm.
650 _aGEOGRAPHY
942 _hU47v, P7
_cTEXL
_2cc
999 _c946154
_d946154